[Event "Outaouais-ch Reserve"]
[Site "Gatineau CAN"]
[Date "2013.05.14"]
[Round "5"]
[White "Latreille, Etienne"]
[Black "Arsenault, Yves"]
[Result "1-0"]
[WhiteElo "1365"]
[BlackElo "1565"]
[PlyCount "61"]
[GameId "2160767909364564"]
[EventDate "2013.04.16"]
[EventType "swiss"]
[EventRounds "6"]
[EventCountry "CAN"]
[SourceTitle "EXT 2022"]
[Source "ChessBase"]
[SourceDate "2021.10.06"]
[SourceVersion "1"]
[SourceVersionDate "2021.10.06"]
[SourceQuality "1"]

1. e4 c5 2. Nf3 Nc6 3. d4 cxd4 4. Nxd4 Nf6 5. Nc3 a6 6. Nxc6 bxc6 7. e5 Ng8 8. Qf3 e6 9. Ne4 Qc7 10. Bf4 Bb7 11. Nd6+ Bxd6 12. exd6 Qb6 13. Qc3 Nf6 14. Be3 Qd8 15. Bd3 O-O 16. O-O Nd5 17. Qd4 Nxe3 18. fxe3 f5 19. Qc4 Qg5 20. Rae1 Kh8 21. Rf3 e5 22. Rg3 Qf6 23. Rf3 g6 24. e4 Qxd6 25. exf5 c5 26. Rf2 g5 27. Qg4 h6 28. f6 Rxf6 29. Rxf6 Qxf6 30. Qxd7 Bc6 31. Qh7# 1-0

[Event "Outaouais-ch Reserve"]
[Site "Gatineau CAN"]
[Date "2013.05.14"]
[Round "5"]
[White "Latreille, Jonathan"]
[Black "Legare, Gilles"]
[Result "0-1"]
[WhiteElo "767"]
[BlackElo "1147"]
[PlyCount "52"]
[GameId "2160767909364565"]
[EventDate "2013.04.16"]
[EventType "swiss"]
[EventRounds "6"]
[EventCountry "CAN"]
[SourceTitle "EXT 2022"]
[Source "ChessBase"]
[SourceDate "2021.10.06"]
[SourceVersion "1"]
[SourceVersionDate "2021.10.06"]
[SourceQuality "1"]

1. e4 e6 2. Nf3 b6 3. Nc3 Bb7 4. Bd3 Nf6 5. O-O Bd6 6. b3 e5 7. Bb2 O-O 8. Ng5 h6 9. Qf3 hxg5 10. Ne2 Be7 11. Qh3 d6 12. Bc4 Bc8 13. Ng3 Bxh3 14. gxh3 Nh7 15. c3 Nd7 16. d4 g6 17. d5 Ndf6 18. Bc1 Nh5 19. h4 gxh4 20. b4 hxg3 21. fxg3 Bg5 22. Bb2 Nxg3 23. hxg3 Be3+ 24. Kh1 Qf6 25. Rxf6 Nxf6 26. Bb5 Rab8 0-1

[Event "Outaouais-ch Reserve"]
[Site "Gatineau CAN"]
[Date "2013.05.14"]
[Round "5"]
[White "Lemieux, Denis"]
[Black "Piche, Guy"]
[Result "1-0"]
[WhiteElo "1624"]
[BlackElo "1650"]
[PlyCount "71"]
[GameId "2160767909364567"]
[EventDate "2013.04.16"]
[EventType "swiss"]
[EventRounds "6"]
[EventCountry "CAN"]
[SourceTitle "EXT 2022"]
[Source "ChessBase"]
[SourceDate "2021.10.06"]
[SourceVersion "1"]
[SourceVersionDate "2021.10.06"]
[SourceQuality "1"]

1. d4 f5 2. c4 Nf6 3. Nc3 e6 4. g3 d5 5. cxd5 exd5 6. Bg2 c6 7. Nf3 Bd6 8. e3 Nbd7 9. Qc2 Ne4 10. a3 Ndf6 11. O-O O-O 12. Rd1 Qe7 13. Qb3 Kh8 14. Qc2 Ng4 15. Rf1 g5 16. h3 Ngf6 17. Nd2 Nxg3 18. fxg3 Qxe3+ 19. Rf2 Bxg3 20. Nf3 Bxf2+ 21. Qxf2 Qxf2+ 22. Kxf2 g4 23. Ne5 Ne4+ 24. Ke2 gxh3 25. Bxh3 f4 26. Bg2 Ng5 27. Kf2 Kg7 28. Ne2 Ne6 29. Bd2 Rf5 30. Bh3 Rh5 31. Rg1+ Kf8 32. Bxe6 Bxe6 33. Nxf4 Rh2+ 34. Ke3 Re8 35. Bb4+ Re7 36. Nxe6+ 1-0

[Event "Outaouais-ch Reserve"]
[Site "Gatineau CAN"]
[Date "2013.05.14"]
[Round "5"]
[White "Scantland, Patrick"]
[Black "Raymond, Daniel"]
[Result "1-0"]
[WhiteElo "1854"]
[BlackElo "1590"]
[PlyCount "63"]
[GameId "2160767909364568"]
[EventDate "2013.04.16"]
[EventType "swiss"]
[EventRounds "6"]
[EventCountry "CAN"]
[SourceTitle "EXT 2022"]
[Source "ChessBase"]
[SourceDate "2021.10.06"]
[SourceVersion "1"]
[SourceVersionDate "2021.10.06"]
[SourceQuality "1"]

1. d4 d5 2. Nf3 Nf6 3. c4 e6 4. Nc3 Be7 5. cxd5 exd5 6. Qc2 Nc6 7. Bg5 Be6 8. e3 a6 9. a3 h6 10. Bh4 Rc8 11. Bd3 Nb8 12. O-O c5 13. dxc5 Rxc5 14. Nd4 O-O 15. Rac1 Nbd7 16. f4 Nb6 17. Qe2 Qc7 18. f5 Bc8 19. Rc2 Nbd7 20. Rfc1 Qb6 21. b4 Rc7 22. Bg3 Bd6 23. Na4 Rxc2 24. Rxc2 Qd8 25. Bxd6 Re8 26. Bxa6 bxa6 27. Nc6 Rxe3 28. Qxe3 Ng4 29. Nxd8 Nxe3 30. Rxc8 Nf6 31. Ne6+ Kh7 32. Nf8+ 1-0

[Event "Outaouais-ch Reserve"]
[Site "Gatineau CAN"]
[Date "2013.05.14"]
[Round "5"]
[White "Traversy, Pierre"]
[Black "Simard, Paul"]
[Result "1-0"]
[WhiteElo "1154"]
[BlackElo "1219"]
[PlyCount "77"]
[GameId "2160767909364569"]
[EventDate "2013.04.16"]
[EventType "swiss"]
[EventRounds "6"]
[EventCountry "CAN"]
[SourceTitle "EXT 2022"]
[Source "ChessBase"]
[SourceDate "2021.10.06"]
[SourceVersion "1"]
[SourceVersionDate "2021.10.06"]
[SourceQuality "1"]

1. d4 d6 2. e4 g6 3. Nf3 Bg7 4. Be3 Nf6 5. Nc3 O-O 6. Be2 b6 7. h3 Nbd7 8. Qd2 c5 9. d5 Re8 10. Rb1 e6 11. Bg5 Bb7 12. O-O Qc8 13. Bb5 exd5 14. Bxf6 Bxf6 15. Rfe1 d4 16. Nd5 Bxd5 17. exd5 a6 18. Bc6 Rb8 19. Rxe8+ Qxe8 20. Re1 Qd8 21. Qf4 Qc7 22. Bxd7 Be5 23. Nxe5 dxe5 24. Rxe5 Qxd7 25. Qf6 Re8 26. f4 Rxe5 27. Qxe5 b5 28. d6 b4 29. Qxc5 Qe6 30. Qxd4 Qd7 31. Qxb4 Qe6 32. a4 a5 33. Qd2 Qd7 34. b3 h5 35. c4 f6 36. c5 g5 37. Qd5+ Kf8 38. fxg5 fxg5 39. Qxg5 1-0

[Event "Outaouais-ch Reserve"]
[Site "Gatineau CAN"]
[Date "2013.05.18"]
[Round "6"]
[White "Choiniere, Rene"]
[Black "Lavergne, Daniel"]
[Result "0-1"]
[WhiteElo "1607"]
[BlackElo "1824"]
[PlyCount "36"]
[GameId "2160767909364570"]
[EventDate "2013.04.16"]
[EventType "swiss"]
[EventRounds "6"]
[EventCountry "CAN"]
[SourceTitle "EXT 2022"]
[Source "ChessBase"]
[SourceDate "2021.10.06"]
[SourceVersion "1"]
[SourceVersionDate "2021.10.06"]
[SourceQuality "1"]

1. e4 c5 2. c3 d5 3. exd5 Qxd5 4. Nf3 Nc6 5. d4 Bg4 6. Be2 e6 7. O-O Nf6 8. h3 Bf5 9. c4 Qd7 10. Be3 cxd4 11. Nxd4 Nxd4 12. Bxd4 Be7 13. Be5 Qc6 14. Bf3 Qxc4 15. Nc3 O-O 16. Rc1 Qb4 17. Qe2 Rfd8 18. Nb5 Bd3 0-1

[Event "Outaouais-ch Reserve"]
[Site "Gatineau CAN"]
[Date "2013.05.18"]
[Round "6"]
[White "Kouassi, Karen"]
[Black "Laurin, Marcel"]
[Result "0-1"]
[WhiteElo "1199"]
[BlackElo "1586"]
[PlyCount "64"]
[GameId "2160767909364571"]
[EventDate "2013.04.16"]
[EventType "swiss"]
[EventRounds "6"]
[EventCountry "CAN"]
[SourceTitle "EXT 2022"]
[Source "ChessBase"]
[SourceDate "2021.10.06"]
[SourceVersion "1"]
[SourceVersionDate "2021.10.06"]
[SourceQuality "1"]

1. e4 c5 2. Nc3 Nc6 3. Bc4 e6 4. Nh3 a6 5. a4 g6 6. d3 Bg7 7. Bf4 d6 8. O-O h6 9. Re1 Bxc3 10. bxc3 e5 11. Bd2 Qh4 12. Re3 Bg4 13. f3 Bxh3 14. gxh3 f5 15. f4 exf4 16. Rf3 g5 17. exf5 Ne5 18. Qe2 Ne7 19. Re1 O-O-O 20. a5 Nxf3+ 21. Qxf3 Rh7 22. Rb1 d5 23. Bxd5 Rxd5 24. c4 Rd7 25. Rb6 Nxf5 26. Rb1 Nd4 27. Qd1 Qxh3 28. Kf2 Qxh2+ 29. Kf1 f3 30. Be3 Qg2+ 31. Ke1 Rhe7 32. Qd2 Qg1# 0-1

[Event "Outaouais-ch Reserve"]
[Site "Gatineau CAN"]
[Date "2013.05.18"]
[Round "6"]
[White "Latreille, Etienne"]
[Black "Lemieux, Denis"]
[Result "0-1"]
[WhiteElo "1365"]
[BlackElo "1624"]
[PlyCount "93"]
[GameId "2160767909364572"]
[EventDate "2013.04.16"]
[EventType "swiss"]
[EventRounds "6"]
[EventCountry "CAN"]
[SourceTitle "EXT 2022"]
[Source "ChessBase"]
[SourceDate "2021.10.06"]
[SourceVersion "1"]
[SourceVersionDate "2021.10.06"]
[SourceQuality "1"]

1. e4 c6 2. d4 d5 3. Nc3 dxe4 4. Nxe4 Bf5 5. Nc3 e6 6. Nf3 h6 7. h3 Nf6 8. Bd3 Bxd3 9. Qxd3 Bd6 10. Be3 Nbd7 11. O-O-O b5 12. Ne4 Nxe4 13. Qxe4 Qc7 14. d5 Nf6 15. Qd3 Nxd5 16. g3 O-O 17. a3 a5 18. c4 bxc4 19. Qxc4 Nxe3 20. fxe3 Bxg3 21. Qg4 f5 22. Qc4 Rfe8 23. Nd4 Qf7 24. Kb1 Be5 25. Nxc6 Bf6 26. Rd2 Rac8 27. Rc2 Qb7 28. Rhc1 Ra8 29. Re1 Kh8 30. e4 f4 31. e5 Bh4 32. Rf1 Bg3 33. Nd4 Rac8 34. Qd3 Rxc2 35. Qxc2 Qd5 36. Ne2 Qxe5 37. Nxg3 fxg3 38. Rg1 Rb8 39. Rg2 Rf8 40. Re2 Qf5 41. Qxf5 exf5 42. Rg2 f4 43. Kc1 f3 44. Rxg3 f2 45. Kd2 f1=Q 46. Re3 Qf4 47. Ke2 0-1

[Event "Outaouais-ch Reserve"]
[Site "Gatineau CAN"]
[Date "2013.05.18"]
[Round "6"]
[White "Latreille, Jonathan"]
[Black "Traversy, Pierre"]
[Result "0-1"]
[WhiteElo "767"]
[BlackElo "1154"]
[PlyCount "54"]
[GameId "2160767909364573"]
[EventDate "2013.04.16"]
[EventType "swiss"]
[EventRounds "6"]
[EventCountry "CAN"]
[SourceTitle "EXT 2022"]
[Source "ChessBase"]
[SourceDate "2021.10.06"]
[SourceVersion "1"]
[SourceVersionDate "2021.10.06"]
[SourceQuality "1"]

1. e4 c5 2. Nf3 e6 3. Bc4 Nc6 4. O-O Nf6 5. Nc3 d6 6. b3 b5 7. a4 bxc4 8. bxc4 e5 9. d3 d5 10. g3 Bg4 11. h3 Bxh3 12. Re1 Bg4 13. Nh2 Bxd1 14. Rxd1 Nd4 15. f4 Be7 16. f5 h5 17. Ba3 Rb8 18. g4 Nxg4 19. Nxg4 hxg4 20. Nxd5 Nxc2 21. Bb2 Nxa1 22. Bxa1 Bg5 23. f6 gxf6 24. Bb2 Rxb2 25. d4 exd4 26. e5 fxe5 27. a5 Qxa5 0-1

[Event "Outaouais-ch Reserve"]
[Site "Gatineau CAN"]
[Date "2013.05.18"]
[Round "6"]
[White "Potvin, Daniel"]
[Black "Piche, Guy"]
[Result "0-1"]
[WhiteElo "1619"]
[BlackElo "1650"]
[PlyCount "90"]
[GameId "2160767909364574"]
[EventDate "2013.04.16"]
[EventType "swiss"]
[EventRounds "6"]
[EventCountry "CAN"]
[SourceTitle "EXT 2022"]
[Source "ChessBase"]
[SourceDate "2021.10.06"]
[SourceVersion "1"]
[SourceVersionDate "2021.10.06"]
[SourceQuality "1"]

1. b3 f5 2. Bb2 e6 3. e3 Nf6 4. Nf3 Be7 5. c4 b6 6. d4 Bb7 7. Be2 O-O 8. O-O Qe8 9. Ne1 d6 10. Nd3 Nbd7 11. Nf4 Bd8 12. Bf3 Ne4 13. d5 Ng5 14. h4 Nxf3+ 15. Qxf3 Bxh4 16. Nxe6 Qxe6 17. dxe6 Bxf3 18. exd7 Bc6 19. Nd2 Bxd7 20. Nf3 Bf6 21. Rab1 Bc6 22. Bxf6 Rxf6 23. Nd4 Bb7 24. Rbd1 a6 25. Rd2 Re8 26. Re1 Rg6 27. f3 f4 28. e4 Re5 29. Ne2 Rf6 30. Nc3 Kf8 31. Nd5 Rf7 32. a4 Bxd5 33. cxd5 Ke8 34. Rc1 Kd8 35. Rc6 a5 36. Rdc2 h5 37. R2c4 g5 38. b4 axb4 39. Rxb4 Rg7 40. a5 bxa5 41. Ra4 g4 42. Kf2 gxf3 43. Kxf3 Rg3+ 44. Kxf4 Rg4+ 45. Kf3 Rxd5 0-1

[Event "Outaouais-ch Reserve"]
[Site "Gatineau CAN"]
[Date "2013.05.18"]
[Round "6"]
[White "Simard, Paul"]
[Black "Legare, Gilles"]
[Result "0-1"]
[WhiteElo "1219"]
[BlackElo "1147"]
[PlyCount "76"]
[GameId "2160767909364575"]
[EventDate "2013.04.16"]
[EventType "swiss"]
[EventRounds "6"]
[EventCountry "CAN"]
[SourceTitle "EXT 2022"]
[Source "ChessBase"]
[SourceDate "2021.10.06"]
[SourceVersion "1"]
[SourceVersionDate "2021.10.06"]
[SourceQuality "1"]

1. e4 e6 2. Nf3 b6 3. Bc4 c5 4. Nc3 Bb7 5. d4 Nf6 6. e5 Nd5 7. Nxd5 exd5 8. Bb3 c4 9. Ba4 Bc6 10. c3 Be7 11. Bc2 O-O 12. O-O f6 13. Re1 f5 14. Bf4 g5 15. Bd2 g4 16. Bh6 Rf7 17. e6 Rf6 18. Bg5 Rxe6 19. Bxe7 Qxe7 20. Ne5 Qf6 21. Re3 d6 22. Nxc6 Nxc6 23. Qd2 Rae8 24. Rae1 Qg5 25. Ba4 Rxe3 26. fxe3 Rc8 27. g3 h5 28. Qg2 Ne7 29. Bd7 Rf8 30. Be6+ Kg7 31. Bxd5 h4 32. gxh4 Qxh4 33. Rf1 Qh3 34. Bxc4 Qxe3+ 35. Rf2 Rh8 36. Qb7 Rh3 37. Qg2 Rf3 38. Kh1 Rxf2 0-1

[Event "Paul Keres mem  (38th)"]
[Site "Richmond CAN"]
[Date "2013.05.18"]
[Round "1"]
[White "Kriventsov, Stanislav"]
[Black "Botez, Alexandra"]
[Result "1-0"]
[WhiteElo "2406"]
[BlackElo "2024"]
[PlyCount "47"]
[GameId "2160767909347793"]
[EventDate "2013.05.18"]
[EventType "swiss"]
[EventRounds "6"]
[EventCountry "CAN"]
[SourceTitle "CBM 154 Extra"]
[Source "ChessBase"]
[SourceDate "2013.06.25"]
[SourceVersion "2"]
[SourceVersionDate "2013.06.25"]
[SourceQuality "1"]

1. e4 e6 2. d4 d5 3. Nc3 Nf6 4. Bg5 Bb4 5. e5 h6 6. Bd2 Bxc3 7. bxc3 Ne4 8. Qg4 Kf8 9. h4 Nxd2 10. Kxd2 c5 11. Rh3 c4 12. Rg3 Rg8 13. Rf3 Nc6 14. Nh3 b5 15. Nf4 Ke8 16. Nh5 Kf8 17. Qf4 Qe7 18. a3 g5 19. Qe3 a5 20. Nf6 Rh8 21. hxg5 Rb8 22. g6 b4 23. g7+ Kxg7 24. Rg3+ 1-0

[Event "Paul Keres mem  (38th)"]
[Site "Richmond CAN"]
[Date "2013.05.18"]
[Round "1.1"]
[White "Tang, Edward"]
[Black "Orlov, Georgi"]
[Result "0-1"]
[WhiteElo "2064"]
[BlackElo "2520"]
[PlyCount "92"]
[GameId "2160767909347794"]
[EventDate "2013.05.18"]
[EventType "swiss"]
[EventRounds "6"]
[EventCountry "CAN"]

1. d4 Nf6 2. c4 Nc6 3. Nf3 e6 4. a3 d6 5. Nc3 g6 6. g3 Bg7 7. Bg2 O-O 8. O-O e5 9. d5 Ne7 10. c5 Bg4 11. cxd6 cxd6 12. h3 Bd7 13. Kh2 Qb6 14. e4 Rfc8 15. Ne1 Ne8 16. Nd3 a5 17. Be3 Qa6 18. a4 f5 19. f3 Nf6 20. Qd2 Rc7 21. Rfc1 Rf8 22. Nf2 Nh5 23. Nh1 f4 24. gxf4 exf4 25. Bd4 Bxd4 26. Qxd4 Rc4 27. Qd2 Qb6 28. Bf1 Rb4 29. Bb5 Nf6 30. Rc2 Rc8 31. Rac1 Bxb5 32. Nxb5 Rxc2 33. Rxc2 g5 34. e5 dxe5 35. d6 Nc6 36. d7 Qd8 37. Qd6 Kf7 38. Rd2 Nd4 39. Nxd4 Rxd4 40. Rxd4 exd4 41. Qxd4 Qxd7 42. Qc4+ Kg6 43. Qb3 Qd2+ 44. Kg1 Qe3+ 45. Qxe3 fxe3 46. Kf1 Kf5 0-1

[Event "Paul Keres mem  (38th)"]
[Site "Richmond CAN"]
[Date "2013.05.18"]
[Round "1.3"]
[White "Patterson, Roger"]
[Black "Yoos, John"]
[Result "0-1"]
[WhiteElo "2035"]
[BlackElo "2382"]
[PlyCount "92"]
[GameId "2160767909347795"]
[EventDate "2013.05.18"]
[EventType "swiss"]
[EventRounds "6"]
[EventCountry "CAN"]

1. e4 c5 2. Nf3 d6 3. d4 cxd4 4. Nxd4 Nf6 5. Nc3 Nc6 6. Bg5 a6 7. Qd2 Qb6 8. Nb3 e6 9. Bxf6 gxf6 10. O-O-O Bd7 11. Kb1 O-O-O 12. f4 h5 13. Be2 Kb8 14. Rhf1 Bc8 15. Rf3 h4 16. Qe1 Ne7 17. Rfd3 f5 18. Bf3 Bg7 19. Nd4 fxe4 20. Nxe4 d5 21. Ng5 Rdf8 22. Rb3 Qc7 23. Nh3 Bd7 24. Nf2 Rc8 25. Qe2 Ba4 26. Ra3 Bd7 27. Nh3 Nc6 28. Nxc6+ Bxc6 29. c4 d4 30. Rc1 Rhd8 31. Rd3 Qe7 32. Nf2 Qf6 33. g3 hxg3 34. hxg3 Qg6 35. Be4 Bxe4 36. Nxe4 e5 37. fxe5 Bxe5 38. c5 f5 39. Nd6 Bxd6 40. cxd6 Rxc1+ 41. Kxc1 Qxd6 42. Qf2 Qc6+ 43. Kd1 Qd5 44. a3 Ka8 45. Rf3 Qe4 46. Rxf5 Qd3+ 0-1

[Event "Paul Keres mem  (38th)"]
[Site "Richmond CAN"]
[Date "2013.05.18"]
[Round "1.4"]
[White "Kolbus, Dietmar"]
[Black "Wu, Ruining (Ray)"]
[Result "1-0"]
[WhiteElo "2356"]
[BlackElo "2015"]
[PlyCount "51"]
[GameId "2160767909347796"]
[EventDate "2013.05.18"]
[EventType "swiss"]
[EventRounds "6"]
[EventCountry "CAN"]

1. c4 c6 2. Nf3 Nf6 3. b3 d5 4. Bb2 e6 5. g3 Nbd7 6. Bg2 Bd6 7. O-O O-O 8. d4 b6 9. Nbd2 Ba6 10. Re1 Rc8 11. e4 dxe4 12. Nxe4 Nxe4 13. Rxe4 Bb7 14. Qc2 Be7 15. c5 bxc5 16. dxc5 Nxc5 17. Rg4 Bf6 18. Rd1 Qxd1+ 19. Qxd1 Bxb2 20. Qc2 Ba3 21. Qc3 f6 22. b4 Rcd8 23. h3 Rd1+ 24. Kh2 Nd3 25. Qxa3 Nxf2 26. Rd4 1-0

[Event "Paul Keres mem  (38th)"]
[Site "Richmond CAN"]
[Date "2013.05.18"]
[Round "1.6"]
[White "Villavieja, Butch"]
[Black "Pokora, Lubomir"]
[Result "1-0"]
[WhiteElo "2293"]
[BlackElo "1990"]
[PlyCount "49"]
[GameId "2160767909347798"]
[EventDate "2013.05.18"]
[EventType "swiss"]
[EventRounds "6"]
[EventCountry "CAN"]

1. e4 e5 2. d4 exd4 3. Qxd4 Nc6 4. Qe3 Nf6 5. Nc3 Bb4 6. Bd2 O-O 7. O-O-O Re8 8. f3 Qe7 9. Qf2 d6 10. Nge2 a6 11. g4 b5 12. g5 Nd7 13. Nd5 Bxd2+ 14. Rxd2 Qd8 15. h4 Nce5 16. Nd4 Bb7 17. Nf5 Bxd5 18. exd5 Nb6 19. f4 Nec4 20. Bxc4 Nxc4 21. Qd4 f6 22. Rg2 Rf8 23. Rhg1 Qd7 24. Nh6+ Kh8 25. gxf6 1-0

[Event "Paul Keres mem  (38th)"]
[Site "Richmond CAN"]
[Date "2013.05.18"]
[Round "1.7"]
[White "Kyriakides, Savvas"]
[Black "Pechisker, Alfred"]
[Result "0-1"]
[WhiteElo "1981"]
[BlackElo "2275"]
[PlyCount "92"]
[GameId "2160767909347799"]
[EventDate "2013.05.18"]
[EventType "swiss"]
[EventRounds "6"]
[EventCountry "CAN"]

1. e4 c5 2. Nf3 d6 3. d4 cxd4 4. Nxd4 Nf6 5. Nc3 a6 6. Bc4 e6 7. Bb3 b5 8. Qe2 Be7 9. O-O O-O 10. f4 b4 11. Nd1 d5 12. e5 Ne4 13. c3 bxc3 14. bxc3 Nd7 15. Bc2 Bb7 16. Kh1 Qc7 17. Rf3 Rfc8 18. Rh3 Bc5 19. Nf3 Be7 20. Be3 g6 21. Bd4 Qa5 22. Nd2 Nxd2 23. Qxd2 Bc5 24. Bxc5 Rxc5 25. Rb1 Bc6 26. Rb4 Nf8 27. a4 Rd8 28. Nf2 d4 29. Rxd4 Rxd4 30. Qxd4 Rd5 31. Qe3 Bxa4 32. Bxa4 Qxa4 33. g4 Qc2 34. Rf3 Nd7 35. h4 a5 36. h5 a4 37. hxg6 fxg6 38. f5 Nxe5 39. fxg6 Qxg6 40. Rh3 a3 41. Rh6 Qf7 42. c4 Nxc4 43. Qb3 Qxf2 44. Rxe6 Qf1+ 45. Kh2 Rd2+ 46. Kg3 Qf2+ 0-1

[Event "Paul Keres mem  (38th)"]
[Site "Richmond CAN"]
[Date "2013.05.18"]
[Round "1.9"]
[White "Cheng, Jack"]
[Black "Xiao, Alice"]
[Result "1/2-1/2"]
[WhiteElo "2237"]
[BlackElo "1885"]
[PlyCount "51"]
[GameId "2160767909347801"]
[EventDate "2013.05.18"]
[EventType "swiss"]
[EventRounds "6"]
[EventCountry "CAN"]

1. e4 d5 2. exd5 Qxd5 3. Nc3 Qa5 4. d4 c6 5. Nf3 Nf6 6. Bc4 Bf5 7. Bd2 Qc7 8. O-O e6 9. Re1 Be7 10. h3 Nbd7 11. Qc1 Nb6 12. Bb3 Nbd5 13. Nxd5 Nxd5 14. c4 Nb4 15. Bxb4 Bxb4 16. Rd1 O-O 17. Bc2 Bxc2 18. Qxc2 Be7 19. Rac1 Rac8 20. Qe4 Bf6 21. b4 Rfd8 22. Qe3 Qb6 23. Rb1 Qa6 24. Qb3 b5 25. Rbc1 Qb6 26. cxb5 1/2-1/2

[Event "Paul Keres mem  (38th)"]
[Site "Richmond CAN"]
[Date "2013.05.18"]
[Round "1.10"]
[White "Jiganchine, Roman"]
[Black "Roback, Joe"]
[Result "1-0"]
[WhiteElo "2217"]
[BlackElo "1856"]
[PlyCount "81"]
[GameId "2160767909347802"]
[EventDate "2013.05.18"]
[EventType "swiss"]
[EventRounds "6"]
[EventCountry "CAN"]

1. e4 c5 2. Nf3 d6 3. d4 cxd4 4. Nxd4 Nf6 5. Nc3 a6 6. Be2 e5 7. Nb3 Be7 8. O-O O-O 9. Be3 Be6 10. Qd2 Nbd7 11. a4 b6 12. Rfd1 Qc7 13. Nd5 Nxd5 14. exd5 Bf5 15. c4 a5 16. f4 exf4 17. Bxf4 Bf6 18. Nd4 Bxd4+ 19. Qxd4 Nc5 20. Ra3 Rfe8 21. Rg3 Bg6 22. Bf3 Ne4 23. Rxg6 hxg6 24. Bxe4 Rac8 25. Bd3 Re7 26. Be3 Rb8 27. Bd2 Rbe8 28. h3 Re5 29. Kh2 Rb8 30. Bc3 Rbe8 31. Rf1 R8e7 32. Rf3 Re8 33. Qf2 R5e7 34. Bd4 Rb8 35. Rf4 Qd8 36. Rh4 Re8 37. Rf4 Qc7 38. Qg3 Qd7 39. b3 Kh7 40. Qh4+ Kg8 41. Bxg7 1-0

[Event "Paul Keres mem  (38th)"]
[Site "Richmond CAN"]
[Date "2013.05.18"]
[Round "2"]
[White "Jiganchine, Roman"]
[Black "Kriventsov, Stanislav"]
[Result "1/2-1/2"]
[WhiteElo "2212"]
[BlackElo "2406"]
[PlyCount "50"]
[GameId "2160767909347803"]
[EventDate "2013.05.18"]
[EventType "swiss"]
[EventRounds "6"]
[EventCountry "CAN"]
[SourceTitle "CBM 154 Extra"]
[Source "ChessBase"]
[SourceDate "2013.06.25"]
[SourceVersion "2"]
[SourceVersionDate "2013.06.25"]
[SourceQuality "1"]

1. e4 c5 2. Nf3 e6 3. d4 cxd4 4. Nxd4 a6 5. Be2 Nf6 6. Nc3 Qc7 7. O-O Bb4 8. Qd3 Bxc3 9. bxc3 d5 10. exd5 Nxd5 11. Bf3 Qxc3 12. Bxd5 Qxd3 13. cxd3 exd5 14. Re1+ Be6 15. Nxe6 fxe6 16. Rxe6+ Kd7 17. Rb6 Kc8 18. Rab1 Re8 19. Bb2 g6 20. Rd6 Rd8 21. Rf6 Nc6 22. Rf7 Rd7 23. Rf8+ Rd8 24. Rf7 Rd7 25. Rf8+ Rd8 1/2-1/2

[Event "Paul Keres mem  (38th)"]
[Site "Richmond CAN"]
[Date "2013.05.18"]
[Round "2.1"]
[White "Orlov, Georgi"]
[Black "Wu, Howard"]
[Result "1-0"]
[WhiteElo "2520"]
[BlackElo "2255"]
[PlyCount "85"]
[GameId "2160767909347804"]
[EventDate "2013.05.18"]
[EventType "swiss"]
[EventRounds "6"]
[EventCountry "CAN"]

1. e4 c5 2. Nf3 Nc6 3. d4 cxd4 4. Nxd4 g6 5. Nc3 Bg7 6. Be3 Nf6 7. Bc4 O-O 8. Bb3 Qa5 9. f3 d5 10. exd5 Nb4 11. Qd2 Nbxd5 12. Nxd5 Qxd2+ 13. Bxd2 Nxd5 14. Bxd5 Bxd4 15. O-O-O Rd8 16. Bb3 Bf5 17. Rhe1 Bf6 18. g4 Be6 19. Bxe6 fxe6 20. Rxe6 Rac8 21. c3 Rc5 22. Be3 Rxd1+ 23. Kxd1 Rd5+ 24. Kc2 Kf7 25. Re4 h5 26. h3 hxg4 27. hxg4 a6 28. Rc4 Re5 29. Kd3 Rd5+ 30. Ke2 Rb5 31. b4 Rd5 32. Rc7 b5 33. f4 g5 34. fxg5 Bxg5 35. Rc5 Rxc5 36. bxc5 Bf6 37. Kd3 Ke6 38. g5 Be5 39. Bd4 Bc7 40. g6 Bf4 41. Ke4 Bc7 42. c6 Ba5 43. Be5 1-0

[Event "Paul Keres mem  (38th)"]
[Site "Richmond CAN"]
[Date "2013.05.18"]
[Round "2.3"]
[White "Yoos, John"]
[Black "Kenney, Jason"]
[Result "1-0"]
[WhiteElo "2382"]
[BlackElo "2192"]
[PlyCount "135"]
[GameId "2160767909347805"]
[EventDate "2013.05.18"]
[EventType "swiss"]
[EventRounds "6"]
[EventCountry "CAN"]

1. e4 c5 2. Nf3 d6 3. d4 cxd4 4. Nxd4 Nf6 5. Nc3 a6 6. Bg5 Nbd7 7. Bc4 Qb6 8. Bb3 e6 9. Bxf6 Nxf6 10. f4 Bd7 11. Qd2 O-O-O 12. O-O-O g6 13. Kb1 Bh6 14. Rhf1 Bc6 15. Nxc6 Qxc6 16. Qd3 Bg7 17. Qf3 Nd7 18. Rd3 Nc5 19. Re3 Bd4 20. Re2 Nxb3 21. axb3 Bxc3 22. bxc3 d5 23. e5 h5 24. Rd1 Kb8 25. Rd4 Rc8 26. Kb2 Rc7 27. Re3 Qb6 28. Red3 Rhc8 29. Qd1 Rc6 30. g3 Qc7 31. Qe1 Rc5 32. h3 Ra5 33. g4 hxg4 34. hxg4 Qe7 35. Rb4 Rac5 36. Rb6 R5c6 37. Rxc6 Rxc6 38. Qe3 Rc8 39. f5 gxf5 40. gxf5 exf5 41. Rxd5 Rc6 42. Qd4 Kc7 43. c4 f6 44. Qf4 Kb6 45. Qxf5 fxe5 46. Rxe5 Qf6 47. Qxf6 Rxf6 48. Ka3 Rh6 49. Kb4 Rg6 50. Rd5 Kc7 51. c5 Rg2 52. c4 Rh2 53. Rd6 Rg2 54. Rh6 Rg5 55. Rd6 Rh5 56. Rd5 Rh1 57. Rg5 Rc1 58. Rg7+ Kc6 59. Rg6+ Kc7 60. c6 bxc6 61. Kc5 a5 62. Rg7+ Kd8 63. Kd6 Rd1+ 64. Kxc6 Rd3 65. Rg8+ Ke7 66. Rb8 Ke6 67. Rb5 Ke7 68. Kb6 1-0

[Event "Paul Keres mem  (38th)"]
[Site "Richmond CAN"]
[Date "2013.05.18"]
[Round "2.4"]
[White "Gluckie, Jamin"]
[Black "Kolbus, Dietmar"]
[Result "0-1"]
[WhiteElo "2198"]
[BlackElo "2356"]
[PlyCount "54"]
[GameId "2160767909347806"]
[EventDate "2013.05.18"]
[EventType "swiss"]
[EventRounds "6"]
[EventCountry "CAN"]

1. d4 Nf6 2. c4 g6 3. f3 d5 4. cxd5 Nxd5 5. e4 Nb6 6. Nc3 Bg7 7. Be3 c6 8. Qd2 e5 9. d5 O-O 10. O-O-O cxd5 11. exd5 N8d7 12. h4 Nf6 13. g4 e4 14. fxe4 Bxg4 15. Be2 Re8 16. Bg5 Qc8 17. Bxg4 Qxg4 18. Bxf6 Bxf6 19. Nge2 Rac8 20. Kb1 Na4 21. Rdg1 Nxc3+ 22. Nxc3 Bxc3 23. bxc3 Qxe4+ 24. Ka1 Qe3 25. Qxe3 Rxe3 26. d6 Rd8 27. Rd1 Re6 0-1